[Event "Rapid 2018"]
[Site "Saint-Petersburg"]
[Date "2018.12.28"]
[Round "11"]
[Board "96"]
[White "Pogosyan Stefan (RUS)"]
[Black "Masrahi Abdulrahman A (KSA)"]
[Result "1-0"]
[BlackElo "1878"]
[WhiteElo "2353"]
[LiveChessVersion "1.4.8"]

1. d4 {[%clk 0:15:19]} d5 {[%clk 0:15:18]} 2. c4 {[%clk 0:15:28]} c6
{[%clk 0:15:26]} 3. Nf3 {[%clk 0:15:37]} Nf6 {[%clk 0:15:34]} 4. Nbd2
{[%clk 0:15:46]} Bf5 {[%clk 0:15:33]} 5. Nh4 {[%clk 0:15:48]} Bg4
{[%clk 0:15:08]} 6. h3 {[%clk 0:15:44]} Bh5 {[%clk 0:15:08]} 7. g4
{[%clk 0:15:39]} Bg6 {[%clk 0:15:16]} 8. Nxg6 {[%clk 0:15:15]} hxg6
{[%clk 0:15:23]} 9. Bg2 {[%clk 0:15:23]} e6 {[%clk 0:15:25]} 10. Qb3
{[%clk 0:14:13]} Qb6 {[%clk 0:15:22]} 11. Qxb6 {[%clk 0:12:56]} axb6
{[%clk 0:15:29]} 12. e4 {[%clk 0:12:54]} dxe4 {[%clk 0:14:45]} 13. Nxe4
{[%clk 0:13:01]} Nbd7 {[%clk 0:14:29]} 14. Nc3 {[%clk 0:10:57]} Bb4
{[%clk 0:13:10]} 15. Bd2 {[%clk 0:10:17]} e5 {[%clk 0:09:53]} 16. d5
{[%clk 0:09:36]} Bxc3 {[%clk 0:09:28]} 17. Bxc3 {[%clk 0:09:44]} c5
{[%clk 0:07:49]} 18. a4 {[%clk 0:08:27]} Ke7 {[%clk 0:06:57]} 19. d6+
{[%clk 0:07:54]} Kxd6 {[%clk 0:06:51]} 20. Bxb7 {[%clk 0:08:02]} Ra7
{[%clk 0:05:57]} 21. Bg2 {[%clk 0:08:06]} Rd8 {[%clk 0:03:54]} 22. b3
{[%clk 0:08:05]} Ke6 {[%clk 0:03:18]} 23. O-O-O {[%clk 0:07:30]} Rc7
{[%clk 0:03:09]} 24. f4 {[%clk 0:07:02]} Rcc8 {[%clk 0:02:46]} 25. Rhe1
{[%clk 0:07:04]} Rb8 {[%clk 0:01:49]} 26. Bxe5 {[%clk 0:06:57]} 1-0

[Event "Rapid 2018"]
[Site "Saint-Petersburg"]
[Date "2018.12.28"]
[Round "11"]
[Board "97"]
[White "Gurvich Vitaly (RUS)"]
[Black "Dubrovin Robert (EST)"]
[Result "1-0"]
[BlackElo "2315"]
[WhiteElo "2255"]
[LiveChessVersion "1.4.8"]

1. d4 {[%clk 0:15:18]} Nf6 {[%clk 0:14:05]} 2. c4 {[%clk 0:15:27]} g6
{[%clk 0:14:13]} 3. Nc3 {[%clk 0:15:29]} Bg7 {[%clk 0:14:22]} 4. e4
{[%clk 0:15:32]} d6 {[%clk 0:14:32]} 5. Nf3 {[%clk 0:15:37]} O-O {[%clk 0:14:40]}
6. Be2 {[%clk 0:15:45]} e5 {[%clk 0:14:50]} 7. d5 {[%clk 0:15:52]} Nbd7
{[%clk 0:14:58]} 8. Bg5 {[%clk 0:16:00]} h6 {[%clk 0:15:07]} 9. Bh4
{[%clk 0:16:08]} g5 {[%clk 0:15:17]} 10. Bg3 {[%clk 0:16:17]} Nh5
{[%clk 0:15:26]} 11. O-O {[%clk 0:16:21]} a5 {[%clk 0:15:01]} 12. Nd2
{[%clk 0:16:28]} Nf4 {[%clk 0:15:02]} 13. Bg4 {[%clk 0:16:36]} Nc5
{[%clk 0:15:08]} 14. f3 {[%clk 0:16:17]} c6 {[%clk 0:15:09]} 15. Kh1
{[%clk 0:16:17]} Qb6 {[%clk 0:14:52]} 16. Qc2 {[%clk 0:15:31]} h5
{[%clk 0:11:51]} 17. Bf5 {[%clk 0:15:28]} Ncd3 {[%clk 0:10:41]} 18. Bxf4
{[%clk 0:08:55]} Nxf4 {[%clk 0:10:40]} 19. g3 {[%clk 0:08:52]} Ng6
{[%clk 0:10:26]} 20. Na4 {[%clk 0:08:07]} Qc7 {[%clk 0:09:57]} 21. Rac1
{[%clk 0:07:00]} Ne7 {[%clk 0:07:07]} 22. Qd3 {[%clk 0:07:00]} Bh6
{[%clk 0:05:43]} 23. g4 {[%clk 0:06:42]} f6 {[%clk 0:04:21]} 24. Qe3
{[%clk 0:06:22]} c5 {[%clk 0:04:18]} 25. Nc3 {[%clk 0:06:28]} Kg7
{[%clk 0:03:57]} 26. a3 {[%clk 0:05:41]} Ng6 {[%clk 0:03:59]} 27. b4
{[%clk 0:05:38]} axb4 {[%clk 0:04:00]} 28. axb4 {[%clk 0:05:36]} b6
{[%clk 0:03:54]} 29. Nb5 {[%clk 0:05:32]} Qe7 {[%clk 0:04:01]} 30. bxc5
{[%clk 0:05:36]} bxc5 {[%clk 0:04:09]} 31. Ra1 {[%clk 0:05:37]} Bd7
{[%clk 0:03:13]} 32. Ra3 {[%clk 0:03:52]} Rxa3 {[%clk 0:02:52]} 33. Qxa3
{[%clk 0:03:54]} Bxb5 {[%clk 0:02:46]} 34. cxb5 {[%clk 0:03:56]} Qb7
{[%clk 0:02:53]} 35. Qa6 {[%clk 0:03:51]} Qe7 {[%clk 0:01:16]} 36. Nc4
{[%clk 0:03:49]} Rd8 {[%clk 0:01:21]} 37. b6 {[%clk 0:03:55]} Nh4
{[%clk 0:01:23]} 38. Qa7 {[%clk 0:02:57]} Kf8 {[%clk 0:01:07]} 39. Be6
{[%clk 0:02:56]} 1-0

[Event "Rapid 2018"]
[Site "Saint-Petersburg"]
[Date "2018.12.28"]
[Round "11"]
[Board "98"]
[White "Guimaraes Diogo Duarte (BRA)"]
[Black "Perdomo Carlos Andres (COL)"]
[Result "0-1"]
[BlackElo "2301"]
[WhiteElo "2348"]
[LiveChessVersion "1.4.8"]

1. e4 {[%clk 0:15:19]} c5 {[%clk 0:15:14]} 2. Nf3 {[%clk 0:15:27]} e6
{[%clk 0:15:23]} 3. g3 {[%clk 0:15:36]} b6 {[%clk 0:15:08]} 4. Bg2
{[%clk 0:15:38]} Bb7 {[%clk 0:15:17]} 5. d3 {[%clk 0:15:45]} Nf6 {[%clk 0:14:29]}
6. O-O {[%clk 0:15:51]} d5 {[%clk 0:14:35]} 7. Nc3 {[%clk 0:13:58]} dxe4
{[%clk 0:14:14]} 8. Ng5 {[%clk 0:14:06]} Nc6 {[%clk 0:14:04]} 9. Ngxe4
{[%clk 0:14:00]} Be7 {[%clk 0:13:07]} 10. Bf4 {[%clk 0:13:34]} O-O
{[%clk 0:11:11]} 11. Re1 {[%clk 0:13:42]} Nxe4 {[%clk 0:10:29]} 12. Bxe4
{[%clk 0:13:41]} Qd7 {[%clk 0:10:01]} 13. Rc1 {[%clk 0:09:58]} Rad8
{[%clk 0:09:01]} 14. Be3 {[%clk 0:09:55]} Bf6 {[%clk 0:08:20]} 15. Qf3
{[%clk 0:09:19]} Bxc3 {[%clk 0:06:56]} 16. bxc3 {[%clk 0:09:28]} Ne5
{[%clk 0:06:58]} 17. Qh1 {[%clk 0:07:34]} Bxe4 {[%clk 0:06:11]} 18. Qxe4
{[%clk 0:07:42]} Ng6 {[%clk 0:05:38]} 19. Bg5 {[%clk 0:07:35]} f6
{[%clk 0:05:10]} 20. Bd2 {[%clk 0:07:29]} e5 {[%clk 0:04:49]} 21. f4
{[%clk 0:07:31]} exf4 {[%clk 0:03:24]} 22. Bxf4 {[%clk 0:07:38]} Kh8
{[%clk 0:03:27]} 23. Qe6 {[%clk 0:06:05]} Qa4 {[%clk 0:03:15]} 24. Re4
{[%clk 0:05:55]} Qb5 {[%clk 0:02:58]} 25. Qb3 {[%clk 0:05:35]} Qc6
{[%clk 0:03:07]} 26. Rce1 {[%clk 0:05:08]} Rd5 {[%clk 0:02:04]} 27. Re6
{[%clk 0:04:42]} Qd7 {[%clk 0:02:12]} 28. R6e4 {[%clk 0:03:08]} Rf5
{[%clk 0:02:01]} 29. Qc4 {[%clk 0:02:11]} h5 {[%clk 0:01:49]} 30. Re6
{[%clk 0:01:57]} h4 {[%clk 0:01:09]} 31. Qe4 {[%clk 0:02:03]} Qd5
{[%clk 0:01:15]} 32. Bd6 {[%clk 0:01:54]} Rd8 {[%clk 0:01:14]} 33. c4
{[%clk 0:01:13]} Qxe4 {[%clk 0:01:19]} 34. R1xe4 {[%clk 0:01:14]} hxg3
{[%clk 0:01:20]} 35. hxg3 {[%clk 0:01:18]} Kh7 {[%clk 0:01:20]} 36. Kg2
{[%clk 0:01:26]} Rg5 {[%clk 0:01:27]} 37. Kf3 {[%clk 0:01:29]} Rh5
{[%clk 0:01:32]} 38. Kg2 {[%clk 0:01:29]} Rg5 {[%clk 0:01:31]} 39. a4
{[%clk 0:01:27]} Rd7 {[%clk 0:01:35]} 40. Bb8 {[%clk 0:01:24]} Kg8
{[%clk 0:01:37]} 41. Re8+ {[%clk 0:01:29]} Kf7 {[%clk 0:01:46]} 42. Rc8
{[%clk 0:01:30]} Rh5 {[%clk 0:01:51]} 43. Rc7 {[%clk 0:01:35]} Rxc7 44. Bxc7
{[%clk 0:01:45]} Rh8 {[%clk 0:02:06]} 45. a5 {[%clk 0:01:49]} bxa5
{[%clk 0:02:10]} 46. Bxa5 {[%clk 0:01:55]} Rb8 {[%clk 0:02:15]} 47. Bc3
{[%clk 0:02:03]} Rb1 {[%clk 0:02:20]} 48. d4 {[%clk 0:02:01]} Rc1
{[%clk 0:02:21]} 49. Re2 {[%clk 0:02:09]} cxd4 {[%clk 0:02:26]} 50. Bxd4
{[%clk 0:02:18]} a5 {[%clk 0:02:34]} 51. c3 {[%clk 0:02:26]} Ne7 {[%clk 0:02:26]}
52. Rb2 {[%clk 0:02:31]} Nc6 {[%clk 0:02:35]} 53. Rb7+ {[%clk 0:02:38]} Kg6
{[%clk 0:02:41]} 54. c5 {[%clk 0:02:40]} a4 {[%clk 0:02:35]} 55. Rb6
{[%clk 0:02:42]} Nxd4 {[%clk 0:02:36]} 56. cxd4 {[%clk 0:02:52]} Rc4
{[%clk 0:02:45]} 57. Rd6 {[%clk 0:02:15]} a3 {[%clk 0:02:49]} 58. Ra6
{[%clk 0:02:24]} Rxd4 {[%clk 0:02:43]} 59. Rxa3 {[%clk 0:02:33]} Rc4
{[%clk 0:02:52]} 60. Ra5 {[%clk 0:02:41]} Kf5 {[%clk 0:02:56]} 61. Kf3
{[%clk 0:02:44]} Rc3+ {[%clk 0:03:04]} 62. Kf2 {[%clk 0:02:53]} g5
{[%clk 0:03:04]} 63. c6+ {[%clk 0:02:54]} Kg4 {[%clk 0:03:11]} 64. Ra4+
{[%clk 0:03:00]} Kh3 {[%clk 0:03:19]} 65. Ra6 {[%clk 0:02:57]} Rc2+
{[%clk 0:02:59]} 66. Kf3 {[%clk 0:02:10]} f5 {[%clk 0:02:40]} 67. c7
{[%clk 0:01:47]} Rc3+ {[%clk 0:02:49]} 68. Kf2 {[%clk 0:01:51]} Rxc7
{[%clk 0:02:57]} 69. Ra5 {[%clk 0:01:43]} Rc2+ {[%clk 0:03:03]} 70. Kf1
{[%clk 0:01:53]} Kg4 {[%clk 0:03:06]} 71. Rb5 {[%clk 0:01:57]} Rc3
{[%clk 0:03:14]} 72. Kf2 {[%clk 0:01:58]} Rf3+ {[%clk 0:03:23]} 73. Kg2
{[%clk 0:02:05]} Rxg3+ {[%clk 0:03:32]} 74. Kf2 {[%clk 0:02:15]} f4
{[%clk 0:03:40]} 75. Rc5 {[%clk 0:02:24]} Ra3 {[%clk 0:03:48]} 76. Rb5
{[%clk 0:02:32]} Ra2+ {[%clk 0:03:57]} 77. Kf1 {[%clk 0:02:42]} Kh4
{[%clk 0:04:03]} 78. Rf5 {[%clk 0:02:49]} Ra4 {[%clk 0:04:05]} 79. Kg2
{[%clk 0:02:56]} g4 {[%clk 0:04:09]} 80. Rf8 {[%clk 0:03:03]} Ra2+
{[%clk 0:04:17]} 81. Kf1 {[%clk 0:03:12]} Kg3 {[%clk 0:04:25]} 0-1

[Event "Rapid 2018"]
[Site "Saint-Petersburg"]
[Date "2018.12.28"]
[Round "11"]
[Board "99"]
[White "Ahmed Hassan Abdillahi (DJI)"]
[Black "Al Thebaiti Ahmed M (KSA)"]
[Result "0-1"]
[BlackElo "1826"]
[WhiteElo "1570"]
[LiveChessVersion "1.4.8"]

1. d4 {[%clk 0:15:17]} d5 {[%clk 0:15:18]} 2. c4 {[%clk 0:15:24]} dxc4
{[%clk 0:15:25]} 3. Nc3 {[%clk 0:15:29]} a6 {[%clk 0:15:34]} 4. a4
{[%clk 0:15:34]} Nc6 {[%clk 0:15:42]} 5. e3 {[%clk 0:15:22]} Na5 {[%clk 0:15:50]}
6. Nf3 {[%clk 0:15:20]} Nf6 {[%clk 0:15:58]} 7. Be2 {[%clk 0:15:28]} g6
{[%clk 0:16:03]} 8. Ne5 {[%clk 0:15:36]} Be6 {[%clk 0:16:11]} 9. O-O
{[%clk 0:15:42]} Bg7 {[%clk 0:16:20]} 10. f4 {[%clk 0:15:48]} O-O
{[%clk 0:16:11]} 11. Bd2 {[%clk 0:15:54]} c6 {[%clk 0:16:17]} 12. Qc2
{[%clk 0:16:00]} Qc7 {[%clk 0:14:38]} 13. Ne4 {[%clk 0:15:21]} Bf5
{[%clk 0:13:48]} 14. Nxf6+ {[%clk 0:15:25]} exf6 {[%clk 0:13:56]} 15. e4
{[%clk 0:15:31]} fxe5 {[%clk 0:14:00]} 16. exf5 {[%clk 0:15:37]} exd4
{[%clk 0:13:48]} 17. Bxc4 {[%clk 0:15:18]} Nxc4 {[%clk 0:13:39]} 18. Qxc4
{[%clk 0:15:25]} b5 {[%clk 0:12:55]} 19. axb5 {[%clk 0:15:25]} axb5
{[%clk 0:13:04]} 20. Qd3 {[%clk 0:15:18]} Rfe8 {[%clk 0:12:31]} 21. fxg6
{[%clk 0:15:09]} hxg6 {[%clk 0:12:12]} 22. f5 {[%clk 0:15:17]} Rxa1
{[%clk 0:10:03]} 23. Rxa1 {[%clk 0:15:21]} Qd6 {[%clk 0:08:13]} 24. Rf1
{[%clk 0:15:27]} Be5 {[%clk 0:07:40]} 25. h4 {[%clk 0:14:44]} Kg7
{[%clk 0:06:13]} 26. Qf3 {[%clk 0:14:34]} Rh8 {[%clk 0:06:02]} 27. Bg5
{[%clk 0:14:32]} f6 {[%clk 0:06:06]} 28. fxg6 {[%clk 0:14:04]} d3
{[%clk 0:05:18]} 29. Rd1 {[%clk 0:12:36]} fxg5 {[%clk 0:04:29]} 30. Qf7+
{[%clk 0:11:54]} Kh6 {[%clk 0:04:33]} 31. hxg5+ {[%clk 0:11:51]} Kxg5
{[%clk 0:04:13]} 32. g7 {[%clk 0:11:37]} Qd4+ {[%clk 0:04:14]} 33. Qf2
{[%clk 0:11:10]} Bxg7 {[%clk 0:04:03]} 34. g3 {[%clk 0:10:12]} Rh1+
{[%clk 0:03:59]} 0-1

[Event "Rapid 2018"]
[Site "Saint-Petersburg"]
[Date "2018.12.28"]
[Round "11"]
[Board "100"]
[White "Alsulaymi Abdullah M (KSA)"]
[Black "Khayat Abdullah F (KSA)"]
[Result "0-1"]
[BlackElo "1819"]
[WhiteElo "1682"]
[LiveChessVersion "1.4.8"]

1. e4 {[%clk 0:15:19]} d5 {[%clk 0:15:17]} 2. exd5 {[%clk 0:15:26]} Nf6
{[%clk 0:15:25]} 3. d4 {[%clk 0:15:32]} Nxd5 {[%clk 0:15:29]} 4. Nf3
{[%clk 0:15:38]} Bg4 {[%clk 0:15:35]} 5. Be2 {[%clk 0:15:46]} e6 {[%clk 0:15:42]}
6. O-O {[%clk 0:15:50]} Be7 {[%clk 0:15:41]} 7. c4 {[%clk 0:15:58]} Nf6
{[%clk 0:15:47]} 8. Nc3 {[%clk 0:15:45]} O-O {[%clk 0:15:49]} 9. Be3
{[%clk 0:15:50]} Bb4 {[%clk 0:15:40]} 10. Qb3 {[%clk 0:15:43]} Bxc3
{[%clk 0:15:41]} 11. bxc3 {[%clk 0:15:51]} b6 {[%clk 0:15:45]} 12. Bg5
{[%clk 0:15:36]} h6 {[%clk 0:15:45]} 13. Bh4 {[%clk 0:15:42]} Nbd7
{[%clk 0:15:29]} 14. Rae1 {[%clk 0:15:32]} Rc8 {[%clk 0:14:16]} 15. h3
{[%clk 0:15:30]} g5 {[%clk 0:14:19]} 16. Bg3 {[%clk 0:13:02]} Bh5
{[%clk 0:14:15]} 17. Ne5 {[%clk 0:11:53]} Bxe2 {[%clk 0:12:06]} 18. Rxe2
{[%clk 0:12:01]} Nh5 {[%clk 0:11:49]} 19. Nc6 {[%clk 0:10:53]} Qe8
{[%clk 0:08:42]} 20. Nxa7 {[%clk 0:10:58]} Nxg3 {[%clk 0:08:16]} 21. fxg3
{[%clk 0:11:02]} Ra8 {[%clk 0:07:54]} 22. Nb5 {[%clk 0:11:09]} Qd8
{[%clk 0:06:48]} 23. Ref2 {[%clk 0:10:52]} f5 {[%clk 0:04:13]} 24. c5
{[%clk 0:11:00]} Rf6 {[%clk 0:02:39]} 25. c6 {[%clk 0:10:40]} Nf8
{[%clk 0:02:25]} 26. Rxf5 {[%clk 0:10:16]} Rxf5 {[%clk 0:02:17]} 27. Rxf5
{[%clk 0:10:23]} Qe7 {[%clk 0:02:14]} 28. Rf2 {[%clk 0:10:09]} Kg7
{[%clk 0:01:54]} 29. Re2 {[%clk 0:06:39]} Qf7 {[%clk 0:00:46]} 30. Qb4
{[%clk 0:06:04]} Ng6 {[%clk 0:00:29]} 31. d5 {[%clk 0:06:08]} exd5
{[%clk 0:00:16]} 32. Nd4 {[%clk 0:06:15]} Re8 {[%clk 0:00:18]} 33. Nf5+
{[%clk 0:05:35]} Kh7 {[%clk 0:00:13]} 34. Rxe8 {[%clk 0:05:12]} Qxe8
{[%clk 0:00:21]} 35. Qd4 {[%clk 0:05:02]} Qf7 {[%clk 0:00:12]} 36. Ne3
{[%clk 0:04:58]} Ne7 {[%clk 0:00:21]} 37. Qd3+ {[%clk 0:04:37]} Kg8
{[%clk 0:00:26]} 38. Ng4 {[%clk 0:04:45]} Kg7 {[%clk 0:00:16]} 39. Qd4+
{[%clk 0:04:50]} Kh7 {[%clk 0:00:14]} 40. Ne5 {[%clk 0:04:46]} Qf6
{[%clk 0:00:12]} 41. Qd3+ {[%clk 0:04:51]} Kg7 {[%clk 0:00:14]} 42. Qd4
{[%clk 0:03:57]} Kg8 {[%clk 0:00:14]} 43. a4 {[%clk 0:03:43]} Qd6
{[%clk 0:00:16]} 44. c4 {[%clk 0:02:51]} Nxc6 {[%clk 0:00:25]} 45. Nxc6
{[%clk 0:02:58]} Qxc6 {[%clk 0:00:34]} 46. Qxd5+ {[%clk 0:02:47]} Qxd5
{[%clk 0:00:38]} 47. cxd5 {[%clk 0:02:56]} Kf7 {[%clk 0:00:47]} 48. Kf2
{[%clk 0:03:04]} Kf6 {[%clk 0:00:57]} 49. Ke3 {[%clk 0:03:13]} Ke5
{[%clk 0:01:06]} 50. g4 {[%clk 0:03:06]} Kxd5 {[%clk 0:01:14]} 51. g3
{[%clk 0:03:13]} c5 {[%clk 0:01:24]} 52. Kd3 {[%clk 0:03:20]} c4+
{[%clk 0:01:04]} 53. Kc3 {[%clk 0:03:28]} Kc5 {[%clk 0:00:34]} 54. h4
{[%clk 0:03:35]} Kd5 {[%clk 0:00:39]} 55. Kb4 {[%clk 0:03:36]} Kd4
{[%clk 0:00:45]} 0-1

[Event "Rapid 2018"]
[Site "Saint-Petersburg"]
[Date "2018.12.28"]
[Round "12"]
[Board "3"]
[White "Matlakov Maxim (RUS)"]
[Black "Artemiev Vladislav (RUS)"]
[Result "1/2-1/2"]
[BlackElo "2812"]
[WhiteElo "2690"]
[LiveChessVersion "1.4.8"]

1. c4 {[%clk 0:15:18]} e5 {[%clk 0:15:16]} 2. Nc3 {[%clk 0:15:26]} Nf6
{[%clk 0:15:13]} 3. Nf3 {[%clk 0:15:32]} Nc6 {[%clk 0:15:21]} 4. g3
{[%clk 0:15:37]} g6 {[%clk 0:15:29]} 5. d4 {[%clk 0:15:39]} exd4 {[%clk 0:15:38]}
6. Nxd4 {[%clk 0:15:47]} Bg7 {[%clk 0:15:46]} 7. Bg2 {[%clk 0:15:53]} O-O
{[%clk 0:15:54]} 8. O-O {[%clk 0:16:00]} Re8 {[%clk 0:16:02]} 9. Nc2
{[%clk 0:16:07]} d6 {[%clk 0:16:11]} 10. Qd2 {[%clk 0:16:14]} a5 {[%clk 0:15:06]}
11. b3 {[%clk 0:14:39]} Nb4 {[%clk 0:11:38]} 12. Bb2 {[%clk 0:12:04]} Nxc2
{[%clk 0:11:43]} 13. Qxc2 {[%clk 0:12:12]} Bf5 {[%clk 0:11:51]} 14. Qc1
{[%clk 0:11:55]} c6 {[%clk 0:09:13]} 15. Qd2 {[%clk 0:11:06]} Ne4
{[%clk 0:07:23]} 16. Nxe4 {[%clk 0:09:45]} Bxb2 {[%clk 0:07:30]} 17. Qxb2
{[%clk 0:09:53]} Bxe4 {[%clk 0:07:39]} 18. Rad1 {[%clk 0:08:35]} Bxg2
{[%clk 0:07:42]} 19. Kxg2 {[%clk 0:08:44]} a4 {[%clk 0:07:48]} 20. e3
{[%clk 0:08:39]} axb3 {[%clk 0:06:59]} 21. axb3 {[%clk 0:08:47]} Re6
{[%clk 0:03:30]} 22. Rd3 {[%clk 0:08:31]} Qf6 {[%clk 0:03:26]} 23. Qd2
{[%clk 0:08:12]} h5 {[%clk 0:02:22]} 24. Rd1 {[%clk 0:07:13]} h4 {[%clk 0:02:31]}
25. Rd4 {[%clk 0:07:17]} Ra3 {[%clk 0:01:36]} 26. Rf4 {[%clk 0:07:08]} Qe5
{[%clk 0:01:03]} 27. Qc2 {[%clk 0:03:59]} hxg3 {[%clk 0:00:49]} 28. hxg3
{[%clk 0:04:08]} Rf6 {[%clk 0:00:37]} 29. Rxf6 {[%clk 0:03:15]} Qxf6
{[%clk 0:00:46]} 30. Rd4 {[%clk 0:03:19]} Kg7 {[%clk 0:00:16]} 31. Qd3
{[%clk 0:03:15]} Ra2 {[%clk 0:00:25]} 32. Rf4 {[%clk 0:03:15]} Qe5
{[%clk 0:00:34]} 33. Rd4 {[%clk 0:02:59]} Qf6 {[%clk 0:00:43]} 34. Rf4
{[%clk 0:03:07]} Qe5 {[%clk 0:00:52]} 35. Rd4 {[%clk 0:03:09]} Qf6
{[%clk 0:01:00]} 36. Rf4 1/2-1/2

[Event "Rapid 2018"]
[Site "Saint-Petersburg"]
[Date "2018.12.28"]
[Round "12"]
[Board "8"]
[White "Petrosian Tigran L. (ARM)"]
[Black "Nepomniachtchi Ian (RUS)"]
[Result "1/2-1/2"]
[LiveChessVersion "1.4.8"]
[BlackElo "2771"]
[WhiteElo "2676"]

1. Nf3 {[%clk 0:15:19]} c5 {[%clk 0:15:19]} 2. g3 {[%clk 0:15:27]} Nc6
{[%clk 0:15:25]} 3. c4 {[%clk 0:15:34]} g6 {[%clk 0:15:29]} 4. Nc3
{[%clk 0:15:43]} Bg7 {[%clk 0:15:37]} 5. Bg2 {[%clk 0:15:52]} d6 {[%clk 0:15:43]}
6. O-O {[%clk 0:15:57]} e6 {[%clk 0:15:48]} 7. e3 {[%clk 0:15:47]} Nge7
{[%clk 0:15:49]} 8. d4 {[%clk 0:15:55]} cxd4 {[%clk 0:15:55]} 9. exd4
{[%clk 0:15:34]} d5 {[%clk 0:16:01]} 10. cxd5 {[%clk 0:15:23]} exd5
{[%clk 0:16:09]} 11. Ne5 {[%clk 0:15:07]} O-O {[%clk 0:16:11]} 12. Bg5
{[%clk 0:13:34]} Be6 {[%clk 0:16:10]} 13. Re1 {[%clk 0:12:51]} Re8
{[%clk 0:15:31]} 14. Qd2 {[%clk 0:10:57]} Rc8 {[%clk 0:14:44]} 15. Rad1
{[%clk 0:11:02]} a6 {[%clk 0:13:39]} 16. Nxc6 {[%clk 0:09:13]} Rxc6
{[%clk 0:12:48]} 17. Nxd5 {[%clk 0:02:59]} Bxd5 {[%clk 0:12:52]} 18. Rxe7
{[%clk 0:01:34]} Rxe7 {[%clk 0:12:57]} 19. Bxe7 {[%clk 0:01:35]} 1/2-1/2

[Event "Rapid 2018"]
[Site "Saint-Petersburg"]
[Date "2018.12.28"]
[Round "12"]
[Board "11"]
[White "Timofeev Artyom (RUS)"]
[Black "Karjakin Sergey (RUS)"]
[Result "0-1"]
[LiveChessVersion "1.4.8"]
[BlackElo "2774"]
[WhiteElo "2668"]

1. c4 {[%clk 0:15:17]} Nf6 {[%clk 0:15:13]} 2. Nc3 {[%clk 0:15:22]} e5
{[%clk 0:15:21]} 3. e3 {[%clk 0:15:29]} Nc6 {[%clk 0:15:14]} 4. d3
{[%clk 0:15:26]} d5 {[%clk 0:15:11]} 5. cxd5 {[%clk 0:15:34]} Nxd5
{[%clk 0:15:20]} 6. Nf3 {[%clk 0:15:36]} Be7 {[%clk 0:15:28]} 7. Be2
{[%clk 0:15:39]} O-O {[%clk 0:15:35]} 8. O-O {[%clk 0:15:46]} Be6
{[%clk 0:15:43]} 9. a3 {[%clk 0:15:02]} a5 {[%clk 0:15:51]} 10. Qc2
{[%clk 0:15:05]} f5 {[%clk 0:15:47]} 11. Re1 {[%clk 0:14:25]} Kh8
{[%clk 0:15:47]} 12. Nxd5 {[%clk 0:14:14]} Qxd5 {[%clk 0:15:50]} 13. e4
{[%clk 0:14:22]} Qd6 {[%clk 0:15:34]} 14. exf5 {[%clk 0:14:20]} Bxf5
{[%clk 0:14:56]} 15. Be3 {[%clk 0:14:27]} Rad8 {[%clk 0:14:58]} 16. Rad1
{[%clk 0:13:37]} Qg6 {[%clk 0:14:49]} 17. Qb3 {[%clk 0:12:25]} Be6
{[%clk 0:11:25]} 18. Qa4 {[%clk 0:11:27]} Bd5 {[%clk 0:11:18]} 19. Kh1
{[%clk 0:11:34]} h6 {[%clk 0:09:48]} 20. Rg1 {[%clk 0:11:18]} b6 {[%clk 0:07:21]}
21. Rc1 {[%clk 0:10:15]} e4 {[%clk 0:06:57]} 22. dxe4 {[%clk 0:09:31]} Bxe4
{[%clk 0:07:03]} 23. Rc4 {[%clk 0:08:11]} Bd5 {[%clk 0:07:00]} 24. Rcc1
{[%clk 0:08:16]} Rd6 {[%clk 0:05:20]} 25. Nd2 {[%clk 0:07:31]} Bg5
{[%clk 0:05:04]} 26. Nf3 {[%clk 0:03:55]} Bxe3 {[%clk 0:05:11]} 27. fxe3
{[%clk 0:04:04]} Rdf6 {[%clk 0:04:23]} 28. h3 {[%clk 0:04:11]} Qg3
{[%clk 0:02:44]} 29. Qg4 {[%clk 0:04:19]} Qf2 {[%clk 0:02:17]} 30. Bc4
{[%clk 0:03:12]} Bxc4 {[%clk 0:01:26]} 31. Rxc4 {[%clk 0:02:50]} Qxe3
{[%clk 0:01:33]} 32. Qg3 {[%clk 0:01:40]} Qd3 {[%clk 0:00:48]} 33. Rc3
{[%clk 0:01:04]} Qd6 {[%clk 0:00:32]} 34. Kh2 {[%clk 0:00:27]} Qxg3+
{[%clk 0:00:15]} 35. Kxg3 {[%clk 0:00:36]} Rg6+ {[%clk 0:00:25]} 36. Kh2
{[%clk 0:00:44]} Re8 {[%clk 0:00:15]} 37. Rc2 {[%clk 0:00:28]} Ree6
{[%clk 0:00:21]} 38. Rb1 {[%clk 0:00:16]} Kg8 {[%clk 0:00:21]} 39. b4
{[%clk 0:00:22]} axb4 {[%clk 0:00:29]} 40. axb4 {[%clk 0:00:31]} b5
{[%clk 0:00:15]} 41. Rbb2 {[%clk 0:00:34]} Re4 {[%clk 0:00:19]} 42. Rc5
{[%clk 0:00:40]} Nxb4 {[%clk 0:00:23]} 43. Rxc7 {[%clk 0:00:29]} Rb6
{[%clk 0:00:32]} 44. Nd2 {[%clk 0:00:23]} Rf4 {[%clk 0:00:40]} 45. Rb3
{[%clk 0:00:27]} Nc6 {[%clk 0:00:40]} 46. Rg3 {[%clk 0:00:31]} Rf7
{[%clk 0:00:49]} 47. Rc8+ {[%clk 0:00:40]} Kh7 {[%clk 0:00:56]} 48. Ne4
{[%clk 0:00:44]} Ne5 {[%clk 0:00:55]} 49. Rc5 {[%clk 0:00:41]} Ng6
{[%clk 0:00:54]} 50. Rb3 {[%clk 0:00:44]} b4 {[%clk 0:00:55]} 51. Rc4
{[%clk 0:00:16]} Rfb7 {[%clk 0:01:03]} 52. Rd4 {[%clk 0:00:21]} Ne5
{[%clk 0:01:07]} 53. Nc5 {[%clk 0:00:24]} Rc7 {[%clk 0:01:10]} 54. Na4
{[%clk 0:00:30]} Rg6 {[%clk 0:01:15]} 55. Rb2 {[%clk 0:00:23]} b3
{[%clk 0:01:13]} 0-1